Mother tongue-based multilingual education: (Record no. 716)
[ view plain ]
| 000 -LEADER | |
|---|---|
| fixed length control field | 01217nam a22002777a 4500 |
| 005 - DATE AND TIME OF LATEST TRANSACTION | |
| control field | 20230127074040.0 |
| 008 - FIXED-LENGTH DATA ELEMENTS--GENERAL INFORMATION | |
| fixed length control field | 230127b |||||||| |||| 00| 0 eng d |
| 020 ## - INTERNATIONAL STANDARD BOOK NUMBER | |
| International Standard Book Number | 971-685-817-4 |
| 082 ## - DEWEY DECIMAL CLASSIFICATION NUMBER | |
| Classification number | Fil. 428.3 M918 2016 |
| 100 ## - MAIN ENTRY--PERSONAL NAME | |
| Personal name | Young, Catherine. |
| Relator term | author |
| 245 ## - TITLE STATEMENT | |
| Title | Mother tongue-based multilingual education: |
| Remainder of title | a guide for teacher educators and students / |
| Statement of responsibility, etc. | Catherine Young, Michael Wilson I. Rosero, Firth McEachem, Xinia R. Skoropinski, Diane Dekker, Paraluman R. Giron, Ofelia O. Flojo, Madalina R. Japson, Ruby Catherine G. Bañez, Brenda B. Corpuz |
| 260 ## - PUBLICATION, DISTRIBUTION, ETC. | |
| Place of publication, distribution, etc. | Manila: |
| Name of publisher, distributor, etc. | Lorimar Publishing, |
| Date of publication, distribution, etc. | c2016 |
| 300 ## - PHYSICAL DESCRIPTION | |
| Extent | viii, 222p.: |
| Other physical details | ill. |
| 504 ## - BIBLIOGRAPHY, ETC. NOTE | |
| Bibliography, etc. note | Includes bibliographical references |
| 541 ## - IMMEDIATE SOURCE OF ACQUISITION NOTE | |
| Accession number | 6587 c.1, 6588 c.2, 6589 c.3, 6590 c.4, 6591 c.5 |
| 650 ## - SUBJECT ADDED ENTRY--TOPICAL TERM | |
| Topical term or geographic name entry element | English language - Study and teaching - Foreign speakers |
| 700 ## - ADDED ENTRY--PERSONAL NAME | |
| Personal name | Rosero, Michael Wilson I. |
| Relator term | author |
| 700 ## - ADDED ENTRY--PERSONAL NAME | |
| Personal name | McEachem, Firth |
| Relator term | author |
| 700 ## - ADDED ENTRY--PERSONAL NAME | |
| Personal name | Skoropinski, Xinia R. |
| Relator term | author |
| 700 ## - ADDED ENTRY--PERSONAL NAME | |
| Personal name | Dekker, Diane |
| Relator term | author |
| 700 ## - ADDED ENTRY--PERSONAL NAME | |
| Personal name | Giron, Paraluman R. |
| Relator term | author |
| 700 ## - ADDED ENTRY--PERSONAL NAME | |
| Personal name | Flojo, O. Ofelia |
| Relator term | author |
| 700 ## - ADDED ENTRY--PERSONAL NAME | |
| Personal name | Japson, Magdalina R. |
| Relator term | author |
| 700 ## - ADDED ENTRY--PERSONAL NAME | |
| Personal name | Bañez, Ruby Catherine G. |
| Relator term | author |
| 700 ## - ADDED ENTRY--PERSONAL NAME | |
| Personal name | Corpuz, Brenda B. |
| Relator term | author |
| Withdrawn status | Lost status | Source of classification or shelving scheme | Damaged status | Not for loan | Home library | Current library | Date acquired | Total Checkouts | Full call number | Barcode | Date last seen | Copy number | Price effective from | Koha item type |
|---|---|---|---|---|---|---|---|---|---|---|---|---|---|---|
| Dewey Decimal Classification | ctu-moalboal | ctu-moalboal | 01/05/2021 | Fil. 428.3 M918 2016 | 6587 | 01/27/2023 | 1 | 01/27/2023 | Books-Filipiniana | |||||
| Dewey Decimal Classification | ctu-moalboal | ctu-moalboal | 01/05/2021 | Fil. 428.3 M918 2016 | 6588 | 01/27/2023 | 2 | 01/27/2023 | Books-Filipiniana | |||||
| Dewey Decimal Classification | ctu-moalboal | ctu-moalboal | 01/05/2021 | Fil. 428.3 M918 2016 | 6589 | 01/27/2023 | 3 | 01/27/2023 | Books-Filipiniana | |||||
| Dewey Decimal Classification | ctu-moalboal | ctu-moalboal | 01/05/2021 | Fil. 428.3 M918 2016 | 6590 | 01/27/2023 | 4 | 01/27/2023 | Books-Filipiniana | |||||
| Dewey Decimal Classification | ctu-moalboal | ctu-moalboal | 01/05/2021 | Fil. 428.3 M918 2016 | 6591 | 01/27/2023 | 5 | 01/27/2023 | Books-Filipiniana |